| 000 | 00790nam a2200205 a 4500 | ||
|---|---|---|---|
| 001 | 000040021 | ||
| 005 | 20201002033853.0 | ||
| 008 | 130802s2004 mx 000 0 spa d | ||
| 020 | _a9703204724 | ||
| 040 |
_aDO-SdBNP _bspa _cBNPHU |
||
| 100 | 1 |
_aVillaurrutia, Xavier _d1903-1950. _966254 |
|
| 245 | 1 | 0 |
_aDama de corazones / : _bXavier Villaurrutia ; introducción Pedro Angel Palou. |
| 260 |
_aMéxico : _bUniversidad Nacional Autónoma de México, _c2004. |
||
| 300 |
_a43 p. ; _c17 cm. |
||
| 490 | 1 |
_aRelato Licenciado Vidriera _v12 |
|
| 500 | _aIncluye referencias bibliográficas y notas al pie de las páginas | ||
| 500 | _aLa biblioteca posee la segunda reimpresión del año 2004 | ||
| 700 | 1 |
_aPalou, Pedro Ángel _d1966- _966255 |
|
| 830 | 0 |
_aRelato Licenciado Vidriera _v12 _966234 |
|
| 999 |
_c39511 _d39511 |
||